| 000 | 02462nam0a2200349 i 4500 | ||
|---|---|---|---|
| 001 | RU\NLR\BIBL_A\010788433 | ||
| 005 | 20241103111457.0 | ||
| 010 |
_a9785904621599 _9150 |
||
| 021 |
_aRU _b2015-39456 _92345 |
||
| 035 | _a(NILC)RuMoRGB-007941736 | ||
| 035 | _a(NLR Aleph) 010788433 | ||
| 090 |
_a10104121 _c10104121 |
||
| 100 | _a20150625d2012 km y0rusy50 ca | ||
| 101 | 0 | _arus | |
| 102 | _aRU | ||
| 105 | _aa|||z|||100yy | ||
| 200 | 1 |
_aФизическая культура и спорт в системе непрерывного образования: современное состояние, проблемы и перспективы развития _eматериалы Всероссийской (с международным участием) научно-практической конференции, 22-24 июня 2012 г., г. Грозный _f[гл. ред.: Б. А. Хазбулатов, д.филол.н., проф. ] |
|
| 210 |
_aГрозный _cЭко-пресс _d2012 |
||
| 215 |
_a309 с. _cил. _d28 |
||
| 300 | _aВ надзаг.: М-во образования и науки Российской Федерации, Федеральное гос. бюджетное образовательное учреждение высш. проф. образования "Чеченский гос. пед. ин-т", Фак. физ. культуры и спорта | ||
| 320 | _aБиблиогр. в конце ст. | ||
| 606 |
_aФизическое воспитание _jСъезды, совещания и т.п _91333953 _3RU\NLR\AUTH\66240296 |
||
| 606 | 1 |
_aФизическая культура и спорт _jСъезды, совещания и т.п _9909851 _3RU\NLR\AUTH\6612378 |
|
| 686 | 1 | _aЧ313.54я431 | |
| 686 | 1 | _aЧ51я431 | |
| 702 | 1 |
_aХазбулатов _bБ. А. _gБекхан Абусупьянович _4340 |
|
| 711 | 1 | 2 |
_a"Физическая культура и спорт в системе непрерывного образования: современное состояние, проблемы и перспективы развития", всероссийская (с международным участием) научно-практическая конференция _eГрозный _f2012 _9474637 _3RU\NLR\AUTH\880403790 |
| 801 | 0 |
_aRU _bРГБ _c20150528 _gRCR |
|
| 942 | _cBOOK | ||
| 980 | _aNBR | ||